Statistics for 10 Most Populated Countries and Capitals in Africa

Click here to take the quiz!

General Stats

  • This quiz has been taken 318 times
  • The average score is 15 of 20

Answer Stats

PopulationAnswer% Correct
186 millionNigeria
97%
92 millionEgypt
96%
55 millionSouth Africa
94%
82 millionDR Congo
93%
17 millionCairo
92%
101 millionEthiopia
92%
47 millionKenya
85%
40 millionAlgeria
84%
41 millionSudan
82%
55 millionTanzania
81%
10 millionKinshasa
74%
5 millionNairobi
74%
3 millionAddis Ababa
72%
3 millionAlgiers
71%
4 millionCape Town
70%
36 millionUganda
69%
5 millionKhartoum
61%
7 millionLuanda
55%
4 millionAccra
47%
3 millionDakar
47%

Score Distribution

Percentile by Number Answered

Percent of People with Each Score

Your Score History

You have not taken this quiz